|
|
|
|
| LEADER |
01176nam a22002537i 4500 |
| 003 |
GR-PaULI |
| 005 |
20230914114422.0 |
| 008 |
171201s2016 gr ||||g |||| 00| 1 gre d |
| 020 |
|
|
|a 9786185118204
|
| 040 |
|
|
|a GR-PaULI
|b gre
|c GR-PaULI
|e AARC2
|
| 041 |
1 |
|
|h fre
|
| 082 |
0 |
4 |
|2 23
|a 842.912
|
| 100 |
1 |
|
|a Genet, Jean,
|d 1910-1986
|e συγγραφέας
|9 80207
|
| 245 |
1 |
2 |
|a Ο σκοινοβάτης.
|b Ο θανατοποινίτης /
|c Ζαν Ζενέ ; μετάφραση Χριστόφορος Λιοντάκης.
|
| 260 |
|
|
|a Αθήνα :
|b Εκδόσεις του Εικοστού Πρώτου,
|c 2016.
|
| 300 |
|
|
|a 75 σ. ;
|c 20 εκ.
|
| 504 |
|
|
|6 Περιλαμβάνει εργοβιογραφία.
|
| 700 |
1 |
|
|a Λιοντάκης, Χριστόφορος,
|d 1945-2019
|e μεταφραστής
|9 31463
|
| 765 |
0 |
8 |
|i Μετάφραση του:
|t Le funambule.
|
| 765 |
0 |
8 |
|i Μετάφραση του:
|t Le condamme a mort.
|
| 942 |
|
|
|2 ddc
|c BK15
|
| 952 |
|
|
|0 0
|1 0
|2 ddc
|4 0
|6 842_912000000000000_GEN
|7 0
|9 217759
|a THST
|b THST
|d 2017-12-01
|i 014588
|l 0
|o 842.912 GEN
|p 025000199818
|r 2017-12-01 00:00:00
|t 1
|v 2017.00
|w 2017-12-01
|y BK15
|
| 998 |
|
|
|c ΜΑΝΙΑ
|d 2017-12
|
| 999 |
|
|
|c 131958
|d 131958
|